书目信息 |
| 题名: |
中国城市公共交通手册
|
|
| 作者: | 董志卿 编 | |
| 分册: | ||
| 出版信息: | 北京 电子工业出版社 1989.5 |
|
| 页数: | 593页 | |
| 开本: | 26厘米 | |
| 丛书名: | ||
| 单 册: | ||
| 中图分类: | F572-62 | |
| 科图分类: | ||
| 主题词: | 市区交通--中国--手册 | |
| 电子资源: | ||
| ISBN: | 7-5053-0577-8 | |
| 000 | 00735nam0 2200229 45 | |
| 001 | 0189017754 | |
| 005 | 20060810145439.90 | |
| 010 | @a7-5053-0577-8@dCNY17.80 | |
| 020 | @aCN@b89017754 | |
| 100 | @a19910513d1989 m y0chiy0120 ea | |
| 101 | 0 | @achi |
| 102 | @aCN@b110000 | |
| 105 | @ay z 000yy | |
| 200 | 10 | @a中国城市公共交通手册@Azhong guo cheng shi gong gong jiao tong shou ce@f董志卿等编@Fdong zhi qing deng bian |
| 210 | @a北京@c电子工业出版社@d1989.5 | |
| 215 | @a593页@d26厘米 | |
| 540 | 1 | @a中国 城市 公共交通@Azhong guo cheng shi gong gong jiao tong |
| 606 | @a市区交通@y中国@x手册 | |
| 690 | @aF572-62@v1980 | |
| 701 | 0 | @a董志卿@Adong zhi qing@4编 |
| 801 | 0 | @aCN@bTSSF@c20060810 |
| 905 | @a10447@dF572-62@e71 | |
| 中国城市公共交通手册/董志卿等编.-北京:电子工业出版社,1989.5 |
| 593页;26厘米 |
| ISBN 7-5053-0577-8:CNY17.80 |
| ● |
| 相关链接 |
|
|
|
|
正题名:中国城市公共交通手册
索取号:F572-62/71
 
预约/预借
| 序号 | 登录号 | 条形码 | 馆藏地/架位号 | 状态 | 备注 |
| 1 | 0448459 | 204484593 | 密集书库/ [索取号:F572-62/71] | 在馆 |